Statistics for Popular Cartoon Shows

Click here to take the quiz!

General Stats

  • This quiz has been taken 88 times
  • The average score is 16 of 20

Answer Stats

Answer% Correct
The Simpsons
99%
Scooby-Doo!
91%
Spongebob Squarpants
91%
Family Guy
90%
The Pink Panther Show
90%
Tom and Jerry
90%
Winnie the Pooh
88%
South Park
87%
The Garfield Show
85%
Popeye the Sailor
84%
Looney Tunes
81%
Rick and Morty
81%
The Flintstones
81%
The Powerpuff Girls
81%
The Rugrats
72%
Arthur
68%
Peanuts
62%
The Yogi Bear Show
60%
Pinky and the Brain
43%
Recess
40%

Score Distribution

Percentile by Number Answered

Percent of People with Each Score

Your Score History

You have not taken this quiz